| 000 | 00818nac a22002171u 4500 | ||
|---|---|---|---|
| 020 | _a8189757032 | ||
| 082 | 0 | 0 |
_a621.38152 _bGUP |
| 090 |
_c8314 _d8314 |
||
| 100 | _aGupta, J. B. | ||
| 245 | 1 | 0 |
_aSemiconductor materials and devices / _cJ. B. Gupta |
| 250 | _a2nd ed. | ||
| 260 |
_aNew Delhi : _bS. K. Kataria,2008 _c2008 |
||
| 300 |
_a322 p. : _bill. ; _c26 cm. |
||
| 500 | _adistributer: Al-Ahram | ||
| 504 | _aIncludes bibliographical references and index. | ||
| 511 | _acatalogued by: wessam | ||
| 650 | 0 | _aSemiconductors. | |
| 740 | 0 | _aSemiconductor materials and devices. | |
| 856 | 4 | 2 |
_3Table of Contents _uhttp://www.loc.gov/catdir/toc/onix02/89024852.html |
| 942 |
_cBB _k621.38152GUP |
||
| 999 |
_c8314 _d8314 |
||